|
|
|
|
| LEADER |
00000nab a2200000 a 4500 |
| 001 |
vtls009159903 |
| 003 |
SK-MaSNL |
| 005 |
20260426085244.0 |
| 008 |
250507c1976 xo |r|p|||||||000 b|slo |
| 015 |
|
|
|a SNBRB2007/11
|2 snkbucl
|
| 035 |
|
|
|a (uuid)4cb66828-6757-46ec-abc0-41f23a2f7982
|
| 035 |
|
|
|a urn:nbn:sk:snk-abdraa
|
| 035 |
|
|
|a (urnnbn)urn:nbn:sk:snk:ar-001n52
|
| 038 |
|
|
|a SNKBUCL
|
| 040 |
|
|
|a SNKBUCL
|b slo
|c SNKBUCL
|e AACR2
|
| 041 |
0 |
|
|a slo
|
| 044 |
|
|
|a xo
|c SK
|
| 080 |
|
|
|a 725.194(437.6)
|2 1997
|
| 100 |
1 |
|
|a Černý, O.
|4 aut
|9 1286531
|
| 245 |
1 |
0 |
|a Detská fakultná nemocnica s poliklinikou Bratislava-Kramáre
|c O. Černý, J. Fibinger
|
| 300 |
|
|
|b Obr.
|
| 610 |
2 |
7 |
|a Detská fakultná nemocnica s poliklinikou (Bratislava, Slovensko)
|2 snkbucl
|9 36348
|
| 650 |
0 |
7 |
|a architektúra
|2 snkbucl
|9 722
|
| 651 |
|
7 |
|a Bratislava (Slovensko)
|2 snkbucl
|9 14568
|
| 700 |
1 |
|
|a Fibinger, J.
|4 aut
|9 1174585
|
| 773 |
0 |
|
|t Projekt
|g Roč. 18, č. 6 (1976), s. 25
|
| 850 |
|
|
|a Slovenská národná knižnica
|
| 852 |
|
|
|a Slovenská národná knižnica
|
| 954 |
|
|
|a odborná, vedecká literatúra pôvodná (slovenská)
|2 lita
|
| 958 |
|
|
|a article19
|
| 958 |
|
|
|a OND
|
| 958 |
|
|
|a SK
|
| 958 |
|
|
|a EUIPO
|
| 999 |
|
|
|c 2958328
|d 2960258
|